| 000 | 00527nam a2200205Ia 4500 | ||
|---|---|---|---|
| 003 | GCL | ||
| 008 | 140319s9999 xx 000 0 ara d | ||
| 040 |
_aGCL / _cGCL |
||
| 082 | 0 | 4 |
_aد _b050 |
| 100 | 1 | _aطاهر ابوفاشا | |
| 245 | 1 | 0 |
_aالعشق الالهى / _cطاهر ابوفاشا |
| 300 | _a157 ص | ||
| 490 |
_aوثائق ونصوص _v0 |
||
| 650 | 0 | 4 | _aالاسلام |
| 650 | 0 | 4 | _aالوحدانية |
| 650 | 0 | 4 | _aالله |
| 650 | 0 | 4 | _aالتوحيد |
| 650 | 0 | 4 | _aالالوهية |
| 942 |
_2ddc _cCF |
||
| 999 |
_c27233 _d27233 |
||